College Quizbowl Stats
College Quizbowl Stats
Circuits
Seasons
Sets
Records
Detailed Stats
About
Loading...
2024 ESPN @ Online
Tossups
Bonuses
Players
Teams
Categories (Tossup)
Categories (Bonus)
Parikshit Chauhan
Free-ish Agents
Categories
Category
Powers
Gets
Negs
BBs
Points
Earliest Buzz
Avg. Buzz
First Buzzes
Top 3 Buzzes
BPA
PVF
Fine Arts - Painting and Sculpture
0
1
0
0
10
124
124.00
0
1
0.00
0.00
Social Science
0
1
0
0
10
147
147.00
1
1
0.00
0.00
Religion
0
1
1
0
5
140
140.00
0
1
0.00
0.00
Science - Math
0
0
0
0
0
0.00
0
0
0.00
0.00
Buzzes
Category
Answer
Value
Buzz Position
Religion
circumambulation
-5
115
Fine Arts - Painting and Sculpture
composers
10
124
Social Science
stationary
0
137
Religion
bhakti
10
140
Social Science
witches
10
147
Science - Math
argument
0
148
Previous
1
Next